000 00586nam a2200241Ia 4500
005 20260430150016.0
008 008 250103s9999 xx 000 0 eng d
037 _aTheses
040 _aCRL
040 _beng
040 _ceng
041 _2eng
041 _aeng
084 _qCRL
100 _aZaidi Ariba Au.; Singh R.M. Gu.
_91236185
245 0 _aInterrogating nativism
260 _c2021
300 _a186p.
650 _aPhilosophy
700 _aUniversity of Delhi. Faculty of Arts. Department of Philosophy
_978395
942 _cTH
999 _c1848715
_d1848715